000 01776 a2200277 4500
999 _c115763
_d115763
003 BJBSDDR
005 20230411090739.0
007 ta
008 30222 s2021 sp ||||| |||| 00| 0 spa d
020 _a9788413461366
020 _a8413461367
040 _bspa
_cBJBSDDR
041 _aspa
050 1 4 _aK 1301
_bA742d 2020
082 0 0 _a347.44
100 1 _aArnaiz Boluda, Daniel
245 1 0 _aDe los contratos de Google, Youtube y Adsense :
_cestudio jurídico de la contratación electrónica, alcance, naturaleza, modificación unilateral y protección de la propiedad intelectual /
_bDaniel Arnaiz Boluda ; prólogo, Pedro Robles Latorre.
260 _aCizur Menor :
_bCivitas,
_c2021
300 _a264 p. ;
_c24 cm
520 _a¿Cómo es posible que Google se haya convertido en una multinacional con más de 137.000 millones de dólares en ingresos y más de 30.000 millones de dólares en beneficios en 2018 con la prestación de servicios aparentemente gratuitos? ¿Es verdad que el usuario registrado tiene acceso a los servicios de Google sin ninguna contraprestación? ¿Por qué los usuarios no están dispuestos a ceder datos a Facebook a cambio de dinero pero sí a cederlos sin contraprestación pecuniaria a Google? En esta obra se desbroza cada uno de los contratos de Google, YouTube y AdSense a fin de encontrar los trucos jurídicos, económicos y sociales que han permitido a esta compañía convertirse en lo que es hoy día a costa de la cesión total de los derechos personalísimos de sus usuarios.
650 4 _95192
_aInternet
_xLegislación
650 4 _922842
_aDerechos de autor y el procesamiento electrónico de datos
_xLegislación
700 1 _920105
_aRobles Latorre, Pedro
_eprologuista
942 _2lcc
_cBK
946 _ildbr